000 01062nam a2200217 a 4500
001 000027110
003 OSt
005 20240229073936.0
008 110329t1947 dr 000 0 spa d
040 _aDO-SdBNP
_bspa
_cBNPHU
082 4 _a972.93053
_bT866m, 1945
_222
100 1 _aTrujillo Molina, Rafael Leónidas,
_d 1891-1961
_976764
245 1 0 _aMensaje depositado el 27 de febrero de 1946 en el Congreso Nacional por el presidente de la República Dominicana generalísimo Dr. Rafael Leónidas Trujillo Molina para darle cuenta de su gestión durante el año 1945 /
_cRafael Leónidas Trujillo Molina.
260 _aCiudad Trujillo, República Dominicana :
_bMontalvo,
_c1947.
300 _a120 ;
_c22 cm.
650 4 _aDiscursos presidenciales
_910061
651 4 _aRepública Dominicana
_xHistoria
_yEra de Trujillo, 1930-1961
_930520
_vEnsayos, conferencias, etc.
651 4 _aRepública Dominicana
_xPolítica y gobierno
_yEra de Trujillo, 1930-1961
_930546
_vEnsayos, conferencias, etc.
910 _aValidado. Control de calidad EMS.
942 _2ddc
_cLBS1
999 _c26602
_d26602